El código Da Vinci
El catedrático y afamado simbologista Robert Langdon se ve obligado a acudir una noche al Museo del Louvre, cuando el asesinato de un restaurador deja tras de sí un misterioso rastro de símbolos y pistas. Con la ayuda de la criptógrafa de la policía Sophie Neveu y poniendo en juego su propia vida, L...
Guardado en:
| Autor Principal: | |
|---|---|
| Autor Corporativo: | |
| Otros Autores: | , , , , , , , , , |
| Formato: | |
| Idioma: | Undetermined |
| Publicado: |
Estados Unidos :
Columbia Pictures,
2006.
|
| Materias: | |
| Etiquetas: |
Agregar Etiqueta
Sin Etiquetas, Sea el primero en etiquetar este registro!
|
| LEADER | 01654ngm a22003375a 4500 | ||
|---|---|---|---|
| 001 | CEM.cems020252 | ||
| 008 | 230706s2006####xx#---############vlund#d | ||
| 005 | 20230706200345.0 | ||
| 245 | 1 | 0 | |a El código Da Vinci |h [videograbación] / |c Ron Howard. |
| 260 | |a Estados Unidos : |b Columbia Pictures, |c 2006. | ||
| 300 | |a 147'. | ||
| 520 | |a El catedrático y afamado simbologista Robert Langdon se ve obligado a acudir una noche al Museo del Louvre, cuando el asesinato de un restaurador deja tras de sí un misterioso rastro de símbolos y pistas. Con la ayuda de la criptógrafa de la policía Sophie Neveu y poniendo en juego su propia vida, Langdon descubre que la obra de Leonardo Da Vinci esconde una serie de misterios que apuntan a una sociedad secreta encargada de custodiar un antiguo secreto que ha permanecido oculto durante dos mil años. | ||
| 590 | |a Identificación anterior: 87 | ||
| 538 | |a Soporte: DVD -- Formato: DVD Peso: 4.36gb -- Resolución: 720 x 480 -- 29.97 fps | ||
| 500 | |a Título original: The Da Vinci Code. | ||
| 100 | 1 | |a Howard, Ron. | |
| 700 | 1 | |a Grazer, Brian; Producción. | |
| 700 | 1 | |a Calley, John; Producción. | |
| 700 | 1 | |a Goldsman, Akiva; Guion. | |
| 700 | 1 | |a Brown, Dan; Novela. | |
| 700 | 1 | |a Hanks, Tom; Reparto. | |
| 700 | 1 | |a Tautou, Audrey; Reparto. | |
| 700 | 1 | |a McKellen, Ian; Reparto. | |
| 700 | 1 | |a Molina, Alfred; Reparto. | |
| 700 | 1 | |a Reno, Jean; Reparto. | |
| 700 | 1 | |a Bettany, Paul; Reparto. | |
| 710 | 2 | |a Imagine Entertainment. | |
| 653 | |a LARGOMETRAJE | ||
| 653 | |a FICCIÓN | ||
| 653 | |a ADAPTACIÓN | ||
| 859 | |a CEMS |b BIB. CEMS - Depto. Recursos Didacticos |h 778.5 |i HOW |k DRD |p 3043.23 |t Ej.1 | ||
